000 00457nam a22001697a 4500
005 20251108163342.0
008 250721s1988 xx 000 0 ara d
082 1 4 _a001.509564/حسي
100 1 _aأبو شنب، حسين
245 1 0 _aالإعلام الفلسطيني /
264 1 _aعمان :
_bدار الجليل للنشر،
_c1988.
300 _a184ص.
650 1 7 _aالإعلام
650 1 7 _aفلسطين
942 _2ddc
_cBK
999 _c512
_d512